000 00564nam a2200217 a 4500
999 _c9787
_d9787
001 9787
003 BD-JhCC
005 20180329180014.0
008 180329s1964 b a|||| || | 000 0 eng d
035 _a(BD-JhCC)9787
040 _aBD-JhCC
_dBD-JhCC
041 _aeng
082 _a330
_bRAH 1964
100 _aRahman, Hafiz Habibur
245 _aBeginner' Economics Paper I & II /
_cHafiz Habibur Rahman,
260 _aDacka :
_bIdeal Publications,
_c1964.
300 _a222 p. :
_bill. ;
_c20 cm.
650 _aEconomics
942 _2ddc
_cBK